Public access and land management (Record no. 109649)
[ view plain ]
| 000 -LEADER | |
|---|---|
| fixed length control field | 01187cad a22002415a 4500 |
| 001 - CONTROL NUMBER | |
| control field | E147607 |
| 008 - FIXED-LENGTH DATA ELEMENTS--GENERAL INFORMATION | |
| fixed length control field | 090225s2007 xxk f 000 0 eng d |
| 020 ## - INTERNATIONAL STANDARD BOOK NUMBER | |
| International Standard Book Number | 9781853975165 |
| 035 ## - SYSTEM CONTROL NUMBER | |
| System control number | (Sirsi) u147607 |
| 041 0# - LANGUAGE CODE | |
| Language code of text/sound track or separate title | eng |
| 050 04 - LIBRARY OF CONGRESS CALL NUMBER | |
| Classification number | 711.558 $2 18 |
| 110 2# - MAIN ENTRY--CORPORATE NAME | |
| Corporate name or jurisdiction name as entry element | Scottish Natural Heritage |
| 9 (RLIN) | 2794 |
| 245 00 - TITLE STATEMENT | |
| Title | Public access and land management |
| Medium | [electronic resource] |
| 260 ## - PUBLICATION, DISTRIBUTION, ETC. | |
| Place of publication, distribution, etc. | Redgorton |
| Name of publisher, distributor, etc. | SNH |
| Date of publication, distribution, etc. | 2007 |
| 520 ## - SUMMARY, ETC. | |
| Summary, etc. | Offers guidance to farmers, crofters, foresters, forest owners, estate managers, and all others involved in land management on ways of integrating access and land management, following the introduction of the Land Reform (Scotland) Act 2003. The guidance provides an overview of obligations under Part 1 of the Act, discusses other relevant legislation and looks at ways of dealing with issues associated with access to the countryside. |
| 521 ## - TARGET AUDIENCE NOTE | |
| Target audience note | Advanced |
| 590 ## - LOCAL NOTE (RLIN) | |
| Local note | KA |
| 650 24 - SUBJECT ADDED ENTRY--TOPICAL TERM | |
| Topical term or geographic name entry element | LAND REFORM (SCOTLAND) ACT 2003 |
| 651 #4 - SUBJECT ADDED ENTRY--GEOGRAPHIC NAME | |
| Geographic name | Scotland |
| Chronological subdivision | 1999- |
| 690 ## - LOCAL SUBJECT ADDED ENTRY--TOPICAL TERM (OCLC, RLIN) | |
| Topical term or geographic name as entry element | ENVIRONMENTAL AND LAND CONSULTANCY-ENVIRONMENTAL MANAGEMENT |
| 856 40 - ELECTRONIC LOCATION AND ACCESS | |
| Uniform Resource Identifier | <a href="https://www.snh.org.uk/pubs/detail.asp?id=888">https://www.snh.org.uk/pubs/detail.asp?id=888</a> |
| Public note | View the report free of charge at www.snh.org.uk... |
| 942 ## - ADDED ENTRY ELEMENTS (KOHA) | |
| Suppress in OPAC | 0 |
| Withdrawn status | Lost status | Source of classification or shelving scheme | Damaged status | Not for loan | Home library | Current library | Shelving location | Date acquired | Total Checkouts | Full call number | Barcode | Date last seen | Copy number | Price effective from | Koha item type |
|---|---|---|---|---|---|---|---|---|---|---|---|---|---|---|---|
| Dewey Decimal Classification | Virtual | Virtual | Online | 28/05/2009 | ONLINE PUBLICATION | 147607-2001 | 06/08/2019 | 1 | 06/08/2019 | Book |